Normal view
MARC view
- Shamshad , Fahad (MSEE-19)
Entry Personal Name
001 - CONTROL NUMBER
- control field: 35233
003 - CONTROL NUMBER IDENTIFIER
- control field: NUST
005 - DATE AND TIME OF LATEST TRANSACTION
- control field: 20201112153955.0
008 - FIXED-LENGTH DATA ELEMENTS
- fixed length control field: 201112|| aca||aabn | a|a d
040 ## - CATALOGING SOURCE
- Original cataloging agency: NUST
- Transcribing agency: NUST
100 ## - HEADING--PERSONAL NAME
- Personal name: Shamshad , Fahad (MSEE-19)
670 ## - SOURCE DATA FOUND
- Source citation: Work cat.: (NUST)217285: Shamshad , Fahad (MSEE-19), Image / Video Denoising , November 2015
